सीता-बनवास / (Record no. 48456)

MARC details
000 -LEADER
fixed length control field 01255nam a22002537a 4500
005 - DATE AND TIME OF LATEST TRANSACTION
control field 2010101908158.0
008 - FIXED-LENGTH DATA ELEMENTS--GENERAL INFORMATION
fixed length control field 101019t xxu||||| |||| 00| 0 hin d
010 ## - LCCN (DPL NO)
LC control number HIN-90897
020 ## - INTERNATIONAL STANDARD BOOK NUMBER
International Standard Book Number 9788190914192
Terms of availability 150.00
035 ## - SYSTEM CONTROL NUMBER
System control number HN-63243
037 ## - SOURCE OF ACQUISITION
Source of stock number/acquisition DBAD / PUB
040 ## - CATALOGING SOURCE
Original cataloging agency DPL
Language of cataloging HN
082 ## - DEWEY DECIMAL CLASSIFICATION NUMBER
Classification number 822
100 ## - MAIN ENTRY--PERSONAL NAME
9 (RLIN) 23632
Personal name काश्मीरी, आग़ा हश्र
245 ## - TITLE STATEMENT
Title सीता-बनवास /
Statement of responsibility, etc आग़ा हश्र काश्मीरी ;कृष्णदेव झारी द्वारा अनुदित एवं संपादित
246 ## - VARYING FORM OF TITLE
Title proper/short title Sita Banvass
Remainder of title by Agha Hashra Kashmiri
260 ## - PUBLICATION, DISTRIBUTION, ETC. (IMPRINT)
Place of publication, distribution, etc नई दिल्ली
Name of publisher, distributor, etc दीपू बुक्स
Date of publication, distribution, etc 2010
270 ## - ADDRESS
Address 16/एफ-3, अंसारी रोड, दरियागंज
City नई दिल्ली
Postal code 110002
Telephone number 9899882010
300 ## - PHYSICAL DESCRIPTION
Extent 76पृ.
Dimensions 22सेमी (सजिल्द)
650 ## - SUBJECT ADDED ENTRY--TOPICAL TERM
9 (RLIN) 657
Topical term or geographic name as entry element हिन्दी नाटक
700 ## - ADDED ENTRY--PERSONAL NAME
9 (RLIN) 23660
Personal name झारी, कृष्णदेव
942 ## - ADDED ENTRY ELEMENTS (KOHA)
Source of classification or shelving scheme Dewey Decimal Classification
Item type Hindi Books
Classification part 822
Call number suffix काश्मीरी
Holdings
Withdrawn status Lost status Source of classification or shelving scheme Damaged status Not for loan Collection code Home library Current library Date acquired Source of acquisition Cost, normal purchase price Total Checkouts Full call number Barcode Date last seen Copy number Cost, replacement price Koha item type
    Dewey Decimal Classification   Not For Loan Non-fiction D.B.Act.Division D.B.Act.Division 20/10/2010 DBAD / PUB 150.00   822 काश्मीरी HN-63243 20/10/2010 1 150.00 Hindi Books

© Delhi Public Library
Hit Counter
free hit counter